Mosby's diagnostic and laboratory test reference / (رقم التسجيلة. 21220)

تفاصيل مارك
000 -الفاتح
حقل البيانات ثابتة الطول 00796nam a2200229 a 4500
001 - رقم الضبط
رقم الضبط 56900469
003 - محدد رقم الضبط
رقم الضبط OSt
005 - وقت وتاريخ اخر تعامل مع التسجيلة
رقم الضبط 20150408114011.0
008 - عناصر البيانات ثابتة الطول - معلومات عامة
حقل البيانات ثابتة الطول eng
020 ## - الرقم الدولى المعيارى للكتب
الرقم الدولى المعيارى للكتاب 9780323030212
040 ## - مصدر الفهرسة
وكالة الفهرسة الأصلية MU
وكالة النسخ MU
090 ## - رقم الضبط المحلى
رقم تصنيف (OCLC) (R) ;رقم تصنيف, CALL (RLIN) (NR) RB37
كتر محلي OCLC رقم كتاب / رقم طلب غير مقسم,رقم RLIN( غير مكرر) .P24 2005
100 1# - المدخل الرئيسى - إسم شخصى
الإسم الشخصى Pagana, Kathleen Deska,
التواريخ المصاحبة للاسم 1952-
9 (RLIN) 10881
245 10 - بيان العنوان
العنوان Mosby's diagnostic and laboratory test reference /
بيان المسئوليه,etc Kathleen Deska Pagana, Timothy J. Pagana
250 ## - بيان الطبعة
بيان الطبعة 7th ed
260 ## - PUBLICATION, DISTRIBUTION, ETC. (IMPRINT)
مكان الناشر او الموزع St. Louis, Mo. :
اسم الناشر او الموزع Elsevier Mosby,
تاريخ النشر أو التوزيع c2005
300 ## - الوصف المادى
التعداد xxiii, 1095 p. :
تفاصيل ماديه اخرى للوعاء ill. ;
أبعاد الوعاء 20 cm
504 ## - تبصرة ببليوجرافية
تبصرة ببليوجرافية,الخ Includes bibliographical references (p. 1031-1033) and index.
650 #0 - المدخل الاضافى بالموضوع-مصطلح موضوعى
مصطلح موضوعي أو اسم جغرافي كعنصر مدخل Diagnosis, Laboratory
التقسيم الفرعي الشكلي Handbooks, manuals, etc
9 (RLIN) 10882
700 1# - المدخل الاضافى - اسم شخصى
الإسم الشخصى Pagana, Timothy James,
التواريخ المصاحبة للاسم 1949-
9 (RLIN) 10883
942 ## - عناصر المدخل الإضافي( كوها)
مصدر التصنيف او مخطط الترفيف Dewey Decimal Classification
Koha [default] item type DVD
المقتنيات
حالة الفقد نموذج السعر الفعال حالة تلف ليس للاعارة رقم الطلب تاريخ الاكتساب الموقع الحالي الباركود الفرع الرئيسي Total Renewals Date last checked out Date last seen نوع المادة فى نظام كوها مصدر التصنيف او خطة الترفيف Total Checkouts
  2013-03-10     616.075 P K M 2012-04-12 مكتبة كلية العلوم الطبية التطبيقية بالمجمعة - طالبات (AMF) 00025859 مكتبة كلية العلوم الطبية التطبيقية بالمجمعة - طالبات (AMF) 1 2022-02-17 2022-05-10 كتاب Dewey Decimal Classification 2